Monuments de France - Mort subite - Statistiques

Statistiques générales
  • Ce quiz a été pris 3 729 fois
  • Le résultat moyen est 9 sur 14
Answers on the Grid
Answers color-coded by a green-red scale on the quiz's grid according to % correct below.
Statue de la Liberté
Taj Mahal
Tour Eiffel
Viaduc de Millau
Chutes du Niagara
Palais des Papes
Colisée
Basilique du Sacré-Cœur
Pyramides de Giseh
Tour Montparnasse
Machu Picchu
Big Ben
Basilique Notre-Dame de la Garde
Alignements de Carnac
Pont Charles
Arc de Triomphe
Place Stanislas
Porte de Brandebourg
Lion de Belfort
Sagrada Familia
Place du Capitole
Grande Muraille
Basilique St Marc
Grotte de Lascaux
Panthéon
Tour de Pise
Abbaye Mont-St-Michel
Christ Rédempteur
Parthénon
Atomium
 
Statistiques - réponses
Réponse % Correct
Tour Eiffel
86%
Arc de Triomphe
82%
Tour Montparnasse
81%
Basilique du Sacré-Cœur
78%
Abbaye Mont-St-Michel
75%
Grotte de Lascaux
72%
Panthéon
69%
Viaduc de Millau
68%
Basilique Notre-Dame de la Garde
66%
Alignements de Carnac
49%
Lion de Belfort
47%
Place Stanislas
46%
Palais des Papes
44%
Place du Capitole
41%
Aucun quiz correspondant
Distribution des résultats
% des personnes avec chaque résultat
Percentile par nombre de réponses
Votre historique - résultats
Vous n’avez pas pris ce quiz